000 00280nam a2200133Ia 4500
100 _aSop
942 _cBK
654 _acircuit
245 _aCircuit maker getting started
260 _bSoftware option (India) P.ltd.
082 _a621.38153
546 _aENGLISH
999 _c31017
_d31017